<?xml version="1.0" encoding="UTF-8"?>
<marc:record xmlns:marc="http://www.loc.gov/MARC21/slim">
   <marc:leader>00000nam a2200000 a 4500</marc:leader>
   <marc:datafield ind1="1" ind2=" " tag="100">
      <marc:subfield code="a">Riebe, Brigitte</marc:subfield>
      <marc:subfield code="4">aut</marc:subfield>
      <marc:subfield code="e">Verfasser/-in</marc:subfield>
   </marc:datafield>
   <marc:datafield ind1="0" ind2="0" tag="245">
      <marc:subfield code="a">Die Schwestern vom Ku'damm: Tage der Hoffnung</marc:subfield>
   </marc:datafield>
   <marc:datafield ind1="0" ind2="0" tag="245">
      <marc:subfield code="b">Roman</marc:subfield>
   </marc:datafield>
   <marc:datafield ind1="0" ind2="0" tag="245">
      <marc:subfield code="c">Riebe, Brigitte</marc:subfield>
   </marc:datafield>
   <marc:datafield ind1=" " ind2="1" tag="264">
      <marc:subfield code="c">2020</marc:subfield>
   </marc:datafield>
   <marc:datafield ind1="1" ind2=" " tag="490">
      <marc:subfield code="a">¬Die¬ 50er-Jahre-Trilogie</marc:subfield>
      <marc:subfield code="v">3</marc:subfield>
   </marc:datafield>
   <marc:datafield ind1="1" ind2=" " tag="520">
      <marc:subfield code="a">Berlin 1958: Farben und Formen, Augenblicke, eingefangen mit Bleistift und Papier. Seit sie denken kann, will Florentine Thalheim nur eines: sich ganz dem Zeichnen und der Malerei hingeben. Die ju¨ngste von drei Töchtern hatte schon immer einen rebellischen Geist. Nur wenn sie zu malen beginnt, wird alles hell und leicht, dann singen die Farben in ihr. Während ihrem Vater fu¨r Florentine eine Zukunft im Kaufhaus am Ku&#x92;damm vorschwebt, beginnt sie ein Studium an der Kunstakademie. Hier ist sie voll in ihrem Element, arbeitet wie im Rausch. Doch schon bald legt sich ein Schatten auf ihr Glu¨ck. Rufus Lindberg, ihr herrischer Lehrer, macht ihr das Leben an der Schule zur Hölle, und die politischen Spannungen zwischen Ost und West drohen die Stadt und die Thalheims zu entzweien. Gibt es Hoffnung fu¨r Florentine und ihre Familie? Gibt es Hoffnung fu¨r Berlin? [Verlagsangabe]</marc:subfield>
   </marc:datafield>
   <marc:datafield ind1=" " ind2=" " tag="020">
      <marc:subfield code="a">9783805203333</marc:subfield>
      <marc:subfield code="9">9783805203333</marc:subfield>
   </marc:datafield>
   <marc:datafield ind1=" " ind2=" " tag="020">
      <marc:subfield code="a">3805203330</marc:subfield>
      <marc:subfield code="9">3805203330</marc:subfield>
   </marc:datafield>
   <marc:datafield ind1="0" ind2=" " tag="490">
      <marc:subfield code="v">3</marc:subfield>
   </marc:datafield>
   <marc:datafield ind1=" " ind2=" " tag="338">
      <marc:subfield code="a">Band</marc:subfield>
   </marc:datafield>
   <marc:datafield ind1=" " ind2=" " tag="300">
      <marc:subfield code="a">461 Seiten</marc:subfield>
   </marc:datafield>
</marc:record>
